| 000 | 003620000a22001450004500 | ||
|---|---|---|---|
| 050 | 4 | _aCD 021 | |
| 100 | 1 | _aJiménez Lozano, José | |
| 245 | 1 | 0 | _aConstitución Política de Colombia |
| 260 | _aBogotá : [s.n.] | ||
| 001 | 13590 | ||
| 942 | _cBK | ||
| 999 |
_c42547 _d42547 |
||
| 336 |
_atexto _btxt _2rdacontent |
||
| 337 |
_2rdamedia _asin mediación _bn |
||
| 338 |
_2rdacarrier _avolumen _bnc |
||